000 00766nam a2200253 a 4500
008
020 _a9781473912786 (paperback)
040 _aNUST
_cNUST
049 _aMAIN
090 _aLB1044.87
_bPOO
100 1 _aPoore, Megan.
245 1 0 _aUsing Social Media in the Classroom:
_ba best practice guide /
_cPoore, Megan.
260 _aLondon :
_bSAGE,
_c2016
300 _axiii, 298 pages :
_billustrations ;
_c24 cm
336 _atext
_btxt
_2rdacontent
337 _aunmediated
_bn
_2rdamedia
338 _avolume
_bnc
_2rdacarrier
500 _aIncludes index.
650 1 _aSocial Media.
907 _a.b10407893
_b19-08-21
_c05-08-21
003
005 20230120144503.0
942 _cBOOKS
_kLB1044.87
_mPOO
999 _c97739
_d97739